000 00538nam a2200193Ia 4500
005 20250508155458.0
008 008 250505s9999 xx 000 0 eng d
037 _aTextual
040 _aFEDL
_beng
_cFEDL
041 _aeng
_2eng
084 _a370.985, FRE
_qFEDL
100 _aFreeburger Adela R
_9767017
245 0 _aEducation in Peru
260 _aWashington, USA
_bU.S. Government Printing Office
_c1964
300 _a69p.
650 _aEducation
942 _cTEXL
_h370.985, FRE
999 _c1357182
_d1357182